000 00669nam a2200217Ia 4500
005 20260429112012.0
008 260429s9999||||xx |||||||||||||| ||und||
020 _a9781032504919
041 _aEnglish
082 _a371.26
_bEVA
100 _aEvans, Carla M.
245 0 _aCulturally responsive assessment in classrooms and large-scale contexts :
_btheory, research, and practice /
_cCarla M. Evans
250 _a1st ed.
260 _aNew Delhi :
_bRoutledge,
_c2025.
300 _axvii, 390 p.; pbk
650 _a Classroom evaluation
650 _a Culturally responsive teaching
650 _aAssessment
700 _a Taylor, Catherine S.
942 _cTB
999 _c51830
_d51830